[Event "GER-ch 71st"]
[Site "Altenkirchen"]
[Date "1999.11.17"]
[Round "6"]
[White "Walter, Guenter"]
[Black "Von Herman, Ulf"]
[Result "0-1"]
[WhiteElo "2305"]
[BlackElo "2407"]
[Annotator "Huebner,R"]
[PlyCount "104"]
[EventDate "1999.11.12"]
[EventType "swiss"]
[EventRounds "9"]
[EventCountry "GER"]
[SourceTitle "CBM 074"]
[Source "ChessBase"]
[SourceDate "2000.02.01"]
[SourceVersion "1"]
[SourceVersionDate "2000.02.01"]
[SourceQuality "1"]

1. d4 d5 2. c4 c6 3. Nc3 Nf6 4. e3 a6 5. Nf3 Bg4 6. Be2 e6 7. O-O Nbd7 8. b3
Bd6 9. Bb2 O-O 10. h3 Bh5 11. Qc2 Qe7 12. e4 Bg6 13. Bd3 dxc4 14. bxc4 e5 15.
dxe5 Nxe5 16. Nxe5 Bxe5 17. Rae1 Qc7 18. Nd1 Rfe8 ({Mit} 18... Nh5 {kann
Schwarz das wichtige Feld f4 unter Kontrolle nehmen:} 19. Bxe5 (19. g3 Bxg3 20.
fxg3 Qxg3+ 21. Kh1 Qxh3+ 22. Kg1 Qg3+ 23. Kh1 Qh4+ 24. Kg1 Ng3 {mit besserem
Spiel für Schwarz.}) 19... Qxe5 {gibt dem Nachziehenden gutes Spiel, denn} 20.
g3 Nxg3 21. fxg3 Qxg3+ 22. Kh1 Qxh3+ 23. Kg1 Rad8 24. Re3 Qg4+ 25. Kh2 Rfe8 {
führt nach wie vor zu besserem Spiel für Schwarz.}) 19. Bxe5 Qxe5 20. f4 Qd4+
21. Nf2 Nh5 22. f5 Ng3 23. fxg6 hxg6 24. Rd1 Nxf1 25. Bxf1 Qc5 26. Qd3 Re5 27.
Qd4 Qxd4 28. Rxd4 Ra5 29. Rd2 Re8 30. Bd3 Rd8 31. Kf1 Ra3 32. Ke2 b5 33. Rb2
Rd4 34. cxb5 axb5 35. Bc2 Rg3 36. Bb3 c5 37. Bd5 b4 38. Rc2 Rc3 39. Rb2 Kf8 40.
g4 g5 41. Rd2 Rxd2+ 42. Kxd2 Ke7 (42... f6 43. e5 fxe5 44. Ne4 Rxh3 45. Nxc5 {
führt auch zum Remis.}) 43. e5 Rg3 44. Ne4 {Weiß braucht die Festung nicht
aufzugeben.} (44. Ke2 $11) 44... Rxh3 45. Nxg5 Rg3 46. Nxf7 $2 (46. Ne4 Rxg4
47. Ke3 {führt noch ohne weiteres zum Remis. Jetzt verliert Weiß.}) 46... Rxg4
47. Ke3 Rd4 48. Bb3 c4 49. Nd6 (49. Kxd4 cxb3 50. axb3 Kxf7 $19) 49... Rd3+ 50.
Ke4 cxb3 51. Nf5+ Kf8 52. Kxd3 bxa2 0-1

[Event "EU-chT (Men) 12th"]
[Site "Batumi"]
[Date "1999.12.03"]
[Round "5.1"]
[White "Gelfand, Boris"]
[Black "Movsesian, Sergei"]
[Result "1/2-1/2"]
[WhiteElo "2713"]
[BlackElo "2659"]
[Annotator "Huebner,R"]
[PlyCount "184"]
[EventDate "1999.11.06"]
[EventType "team-swiss"]
[EventRounds "9"]
[EventCountry "GEO"]
[SourceTitle "CBM 074"]
[Source "ChessBase"]
[SourceDate "2000.02.01"]
[SourceVersion "1"]
[SourceVersionDate "2000.02.01"]
[SourceQuality "1"]
[WhiteTeam "Israel"]
[BlackTeam "Czech Republic"]
[WhiteTeamCountry "ISR"]
[BlackTeamCountry "CZE"]

1. d4 Nf6 2. Nf3 d5 3. c4 c6 4. Nc3 a6 5. a4 e6 6. g3 dxc4 7. Bg2 c5 8. dxc5 {
Das Endspiel verspricht dem Weißen keinen Vorteil; auch nach} (8. O-O Nc6 9.
dxc5 Qxd1 {steht Schwarz vollkommen befriedigend.}) 8... Qxd1+ 9. Nxd1 Nc6 10.
Ne3 Bxc5 11. Nxc4 Ke7 12. O-O Bd7 (12... Rd8 13. b3 Nd5 14. Bb2 f6 15. Rac1 Bd7
16. Nce5 Bd6 17. Nc4 Bc5 18. Nce5 Bd6 19. Nxd7 Rxd7 20. Nd2 Na5 21. Bxd5 {
1/2-1/2 Shulman,Y-Volkov,S/Nizhnij Novgorod 1998/CBM 66 (21)}) 13. Nfe5 (13. b3
$11) 13... Rac8 14. Nd3 $6 (14. Rd1 Rhd8 15. b3 $11 {führt zum Ausgleich, denn}
Nd4 16. Rxd4 Bxd4 17. Ba3+ Bc5 18. Bxb7 Bxa3 (18... Rc7 19. b4 $18) 19. Bxc8
$16 {ist nicht empfehlenswert für Schwarz. Jetzt ergreift der Nachziehende die
Initiative.}) 14... Nd4 15. Bxb7 Rc7 $6 (15... Nxe2+ 16. Kg2 Bc6+ 17. Bxc6 Rxc6
18. Bd2 Nd5 {ist dem Schwarzen eher anzuraten.}) 16. Bf3 $6 (16. Kg2 {ist sehr
stark, denn nach} Nb3 17. Bf4 Rxb7 18. Nxc5 {behält Weiß Vorteil.}) 16... Nb3
17. Nxc5 Rxc5 18. Ra3 Nxc1 19. Rxc1 Rb8 20. e3 (20. Rcc3 $5 {sieht plausibler
aus.}) 20... Rxb2 21. Nxb2 Rxc1+ 22. Kg2 Rc2 23. Nd3 Rc4 24. Rb3 {Weiß
beschließt zu Recht, sofort nach Aktivität zu streben. Auf} (24. a5 {folgt} Bb5
{,und es mangelt dem Weißen an sinnvollen Zügen.}) 24... Rxa4 25. Rb7 Ra5 26.
Nb4 Kd6 27. Ra7 Kc5 (27... Bb5 28. Rxf7 Ra1 29. g4 {führt zu unklarem Spiel.})
28. Nd3+ Kd6 (28... Kc4 29. Nf4 Kb4 30. Nh5 {ist keineswegs überzeugender.})
29. e4 $2 {Es ist nicht klar, warum Weiß darauf verzichtet mit} (29. Nb4 {
die Züge zu wiederholen.}) 29... e5 30. Nb4 Ra4 $6 (30... Bb5 {verspricht hier
mehr als im 27. Zuge:} 31. Rxf7 Ra1 32. g4 Ke6 33. Rf8 (33. Rxg7 Bf1+ 34. Kg3
Ra3 {führt stracks zum Verlust.}) 33... Bf1+ 34. Kg3 Ra3 35. Nc2 Nxe4+ 36. Kh4
Ra4 {, und Schwarz hat gute Gewinnaussichten.}) 31. Rxa6+ Rxa6 32. Nxa6 Bc6 33.
Kg1 {Weiß will den Läufertausch vermeiden; allerdings hat er einige
Schwierigkeiten mit der Koordination seiner Figuren. Es ist nicht ausgemacht,
ob das Springerendspiel, das nach} (33. Nb4 Bxe4 {entsteht, für Weiß verloren
ist oder nicht.}) 33... Bb7 34. Nb4 Bxe4 35. Be2 Kc5 36. Nd3+ Kd4 (36... Bxd3
37. Bxd3 Kd4 {bietet meines Erachtens dem Schwarzen ausgezeichnete
Gewinnaussichten.}) 37. Ne1 Kc3 38. f3 Bb1 39. Kf2 Nd5 40. Ng2 Kd4 {Schwarz
muß Sg2-e3 verhindern; das reine Läuferendspiel ist ohne weiteres als remis
einzuschätzen.} 41. Bd1 Nb4 $6 {Die Freigabe des Feldes e3 gefällt mir auch
jetzt nicht.} (41... Bd3 {ist stärker.}) 42. Ne3 f5 $6 {Jetzt kommt Weiß zu
erleichterndem Bauerntausch, und Schwarz dürfte nicht mehr gewinnen können.}
43. f4 Nd3+ 44. Ke2 g6 45. fxe5 Nxe5 46. Bb3 Bd3+ 47. Kf2 Nd7 48. Ng2 Nf6 49.
Nf4 Bb5 50. Bd1 Bc6 51. Ne6+ Ke5 52. Ng5 Bd5 53. Nf3+ Bxf3 54. Kxf3 g5 55. Bc2
h6 56. Bd3 Nd5 57. Ba6 Ne7 58. Bd3 Ng6 59. Bc2 Nf8 60. Bd3 Ne6 61. Ba6 Nd4+ 62.
Kf2 Nb3 63. Ke3 Nc5 64. Bb5 Ne4 65. Ba6 Nf6 66. h3 Nd5+ 67. Kf3 Ne7 68. Bb5 Ng6
69. Bd7 Kf6 70. Bb5 Ke7 71. Ke3 Kf7 72. Be2 Kf6 73. Bd1 Ke5 74. Be2 Ne7 75. Bb5
Nd5+ 76. Kf3 Nf6 77. Ke3 h5 78. h4 g4 79. Kf2 Ne4+ 80. Kg2 Nd6 81. Bd3 Kd4 82.
Bb1 Ke3 83. Bc2 Ne4 84. Bb3 f4 85. gxf4 Kxf4 86. Bc2 Nf6 87. Bd3 Ne8 88. Bg6
Ng7 89. Bf7 g3 90. Bd5 Kg4 91. Bc6 Kxh4 92. Bd7 Kg5 1/2-1/2

[Event "RUS-chT 06th"]
[Site "St Petersburg"]
[Date "1999.05.20"]
[Round "5"]
[White "Zvjaginsev, Vadim"]
[Black "Burmakin, Vladimir"]
[Result "1/2-1/2"]
[WhiteElo "2658"]
[BlackElo "2534"]
[Annotator "Huebner,R"]
[PlyCount "55"]
[EventDate "1999.05.16"]
[EventType "team-tourn"]
[EventRounds "9"]
[EventCountry "RUS"]
[SourceTitle "EXT 2020"]
[Source "ChessBase"]
[SourceDate "2019.10.17"]
[SourceVersion "1"]
[SourceVersionDate "2019.10.17"]
[SourceQuality "1"]
[WhiteTeam "Tomsk Siberia"]
[BlackTeam "Murmansk OShK"]
[WhiteTeamCountry "RUS"]
[BlackTeamCountry "RUS"]

1. d4 d5 2. c4 c6 3. Nc3 Nf6 4. Nf3 a6 5. h3 e6 (5... dxc4 $5) 6. e3 Nbd7 7.
Qc2 Bd6 8. g4 h6 9. Bd2 dxc4 10. Bxc4 b5 11. Bd3 Bb7 12. g5 hxg5 13. Nxg5 c5
14. Rg1 (14. Bg6 O-O $13) 14... Qe7 15. Nce4 cxd4 16. Nxd6+ Qxd6 17. Bg6 Ne5
18. Nxf7 ({Die Folge} 18. Bxf7+ Ke7 ({Ungenügend für Schwarz ist die
Fortsetzung} 18... Nxf7 19. Nxf7 Qh2 20. Qg6 $18) 19. exd4 Nf3+ 20. Nxf3 Bxf3
21. Bg6 Rac8 22. Qb3 Qh2 23. Bb4+ Kd7 {gibt dem Schwarzen ein vorzügliches
Spiel.}) 18... Nxf7 19. Bxf7+ Kf8 20. Bg6 Rc8 (20... Rxh3 $5) 21. Qb3 Rc4 22.
Bd3 dxe3 23. Bxe3 Rc8 24. Rg3 Rh4 25. Be2 Nh5 26. Bxh5 Rxh5 27. Rd1 Rd5 28. a3
1/2-1/2

[Event "Czerniak Memorial 14th"]
[Site "Tel Aviv"]
[Date "1998.04.18"]
[Round "9"]
[White "Gofshtein, Leonid D"]
[Black "Skripchenko, Almira"]
[Result "1-0"]
[WhiteElo "2520"]
[BlackElo "2400"]
[Annotator "Huebner,R"]
[PlyCount "63"]
[EventDate "1998.04.09"]
[EventType "tourn"]
[EventRounds "9"]
[EventCountry "ISR"]
[EventCategory "9"]
[SourceTitle "CBM 065"]
[Source "ChessBase"]
[SourceDate "1998.08.06"]
[SourceVersion "1"]
[SourceVersionDate "1998.08.06"]
[SourceQuality "1"]

1. d4 d5 2. Nf3 c6 3. c4 Nf6 4. Nc3 a6 5. a4 e6 6. Bg5 Nbd7 7. cxd5 exd5 8. Qc2
Be7 9. e3 O-O 10. Bd3 Re8 11. O-O h6 $6 {Dies scheint mir eine unnötige
Schwächung des Königsflügels zu bewirken. Besser gefallen mir die in den
beiden folgenden Partien angewandten Züge:} (11... Nf8 12. Rae1 Be6 13. Ne5
N6d7 14. Bxe7 Qxe7 15. Nxd7 Qxd7 16. f4 f6 17. a5 Qc7 $11 {1/2-1/2 Kramnik,
V-Gelfand,B/Novgorod 1997 (75)}) (11... a5 12. Rae1 Nf8 13. h3 Ne4 (13... Be6
$5) 14. Bxe7 Qxe7 15. Bxe4 dxe4 16. Nd2 b6 17. Nc4 Ba6 18. b3 $14 {Zakharevich,
I-Ibragimov,I/RUS-chT 1995/0-1 (66)}) 12. Bf4 a5 13. h3 Nf8 14. Bg3 Bd6 15. Ne5
Qe7 16. f4 Bd7 $6 {Dieser Zug ist recht passiv. In Betracht kam} (16... b6 {
um den Abtausch der weißfeldrigen Läufer zu bewirken oder mit Lc8-b7 nebst
c6-c5 fortzufahren.}) 17. Bh4 Bb4 18. Rad1 Qd6 19. Qf2 Bxc3 $2 {Danach erhält
Schwarz eine strategisch verlorene Stellung. Seine Lage ist unbequem; ich
schlage} (19... N6h7 {vor, um den Erzfeind auf e5 mit f7-f6 befragen zu können.
}) 20. bxc3 Ne4 21. Bxe4 dxe4 22. Nc4 Qe6 $6 (22... Qc7 {bot bessere
Verteidigungsaussichten.}) 23. Nb6 Ra6 24. Rb1 $18 f5 25. Qb2 Rb8 26. c4 Be8
27. d5 cxd5 28. cxd5 Rxb6 29. Qxb6 Qxd5 30. Rfd1 Qf7 31. Qa7 Qc7 32. Rbc1 1-0

[Event "Chigorin Memorial 07th"]
[Site "St Petersburg"]
[Date "1999.11.04"]
[Round "3"]
[White "Shcherbakov, Ruslan"]
[Black "Pesiakov, Valentin"]
[Result "1-0"]
[WhiteElo "2541"]
[BlackElo "2348"]
[Annotator "Huebner,R"]
[PlyCount "119"]
[EventDate "1999.11.02"]
[EventType "swiss"]
[EventRounds "9"]
[EventCountry "RUS"]
[SourceTitle "CBM 074"]
[Source "ChessBase"]
[SourceDate "2000.02.01"]
[SourceVersion "1"]
[SourceVersionDate "2000.02.01"]
[SourceQuality "1"]

1. d4 d5 2. c4 c6 3. Nf3 Nf6 4. Nc3 a6 5. Bg5 Ne4 6. Bf4 Nxc3 7. bxc3 dxc4 8.
g3 b5 9. Bg2 Bb7 10. Ne5 f6 11. Nxc4 bxc4 (11... g5 $5 12. Bxb8 bxc4 13. Rb1
Rxb8 14. Rxb7 Rxb7 15. Bxc6+ Rd7 16. Qa4 e6 17. O-O Bd6 (17... Ke7 18. Bxd7
Qxd7 19. Qxa6 $14) 18. Qxa6 (18. Rb1 Ke7 19. Bxd7 Qxd7 20. Qxa6 Rc8 21. Rb7 $1
Rc7 22. Rxc7 Qxc7 23. Qb5 $1 (23. a4 $2 Bb4 $3 24. cxb4 c3 25. Qd3 c2 26. Qxh7+
Kd6 $19) 23... h5 $1 24. a4 h4 $17 {Dreev,Dvorietzky/}) 18... Kf7 19. Bxd7 Qxd7
20. Qxc4 Rb8 (20... h5 $1) 21. Qd3 $1 $10 (21. a4 $6 Qc8 $1 22. Qd3 Kg7 23. f4
$6 $17 {Thorsteins,K-Dreev,A /Kiljava/1984 0:1 (51) Inf 38/474/}) 21... Kg7 22.
c4 Qa4 23. c5 Be7 24. Ra1 Rb2 25. a3 Rb3 26. Qe4 $2 (26. Qd1 $1 $13) 26... Qc4
$1 27. Rb1 f5 $1 (27... Rxb1+ 28. Qxb1 Qxd4 $2 29. c6 Bc5 30. e3) 28. Qe5+ Bf6
29. Qc7+ Kg6 30. Rxb3 Qxb3 31. c6 Qb1+ 32. Kg2 Qe4+ 33. Kg1 Qxe2 34. Qd6 Qe1+
35. Kg2 Qe4+ 36. Kf1 f4 37. gxf4 gxf4 {0-1 Rashkovsky,N-Rublevsky,S/Kurgan
1993/CBM 39/[Lisenko] (37)} (37... gxf4 38. c7 f3 39. Qg3+ Bg5 40. Qe5 Qd3+ 41.
Ke1 Bd2+ $19)) 12. Rb1 e5 (12... Qc8 13. Qa4 Nd7 14. O-O $44) 13. Rxb7 exf4 14.
Qb1 {Dies ist ein neuer Versuch. Er überzeugt nicht; Schwarz erlangt nach
einigen Zügen eine glatte Gewinnstellung. Es folgt ein Auszug aus den
Besprechungen anderer Fortsetzungen:} (14. Qa4 Qc8 15. Rb6 Bd6 16. Qxc4 Ke7 17.
gxf4 {Das ist eine Neuerung.} (17. O-O Ra7 18. Rfb1 Rd8 (18... fxg3 $5 {
Tukmakov, Inf. 36/449.}) 19. gxf4 Qe6 (19... Bxf4 20. d5 $44 {Tukmakov, Inf.
36/449.}) 20. Qd3 g6 21. c4 $44 {geschah in der Partie Tukmakov-Bagirov, UdSSR
1983, Inf. 36/449. Der Textzug ist keine Verbesserung; natürlich sollte Weiß
seinen Königsturm möglichst rasch mobilisieren.}) 17... Ra7 18. Rg1 $2 {
Besser war} (18. O-O) 18... g6 19. Be4 f5 20. Bd3 Qe6 $19 {Nach Damentausch
muß sich das Materialübergewicht des Schwarzen auf die Dauer geltend machen
lassen.} 21. Qxe6+ Kxe6 22. e3 Bc7 23. Rb3 Nd7 24. Kd2 a5 25. Be2 a4 26. Rbb1
Ba5 27. Kd3 c5 28. c4 cxd4 29. exd4 Bc7 30. c5 Bxf4 31. Kc4 Bxh2 32. Rge1 Rc8
33. Bf3+ Kf6 34. Rh1 Bd6 35. Rxh7 Bxc5 36. Bb7 {0-1 Kravtsov,S-Volkov,S/
Novgorod 1997/CBM 60/[Huebner,R] (36)}) (14. Qa4 $44 {Tukmakov,V-Bagirov,V /
SSSR/1983/ Inf 36/449/}) 14... Be7 15. Qf5 g6 ({Nach} 15... O-O 16. Qe6+ Rf7
17. gxf4 Qd6 18. f5 {kommt Schwarz nicht zur Koordination seiner Figuren.}) 16.
Qe6 Qd6 17. Qxc4 Kf8 18. O-O Kg7 (18... fxg3 19. fxg3 Kg7 {verdient Erwägung.})
19. gxf4 Rc8 20. e4 Rc7 21. e5 Qd7 22. Rb2 Qg4 23. Re1 Nd7 (23... Qxf4 $5 {
sieht spielbar aus.}) 24. e6 Nf8 25. d5 Bd6 26. dxc6 Re8 27. Rd2 Qxf4 ({
Zu sofortigem Gewinn führte} 27... Nxe6 $19 28. h3 (28. Rxd6 Nxf4) 28... Qxf4
29. Qxf4 Bxf4 30. Rd7+ Kf8) 28. Rd4 Qxh2+ 29. Kf1 Be5 $4 ({Schwarz stellt die
Dame ein. Nach} 29... g5 $19 {hat er eine glatte Gewinnstellung.}) 30. Rh4 $18
Qxh4 31. Qxh4 Nxe6 32. Qc4 a5 33. Rb1 Nf4 34. Bf3 Rd8 35. Rd1 Rxd1+ 36. Bxd1 h5
37. Bf3 g5 38. Qc5 a4 39. Qa5 g4 40. Be4 h4 41. Qxa4 Bxc3 42. Qd1 Be5 43. Qxg4+
Kf8 44. Qxh4 Ke7 45. Qh8 Ne6 46. Qa8 Bd4 47. Qa3+ Bc5 48. Qc3 Bd6 49. Bd5 Nf4
50. Qe3+ Be5 51. Be4 Rc8 52. Qa7+ Rc7 53. Qc5+ Bd6 54. Qe3 Be5 55. a4 Rc8 56.
Qa7+ Rc7 57. Qc5+ Ke6 58. a5 Bd6 59. Qf5+ Ke7 60. a6 1-0

[Event "Perenyi Memorial"]
[Site "Gyula"]
[Date "2000.01.26"]
[Round "3"]
[White "Ruck, Robert"]
[Black "Volzhin, Alexander"]
[Result "0-1"]
[WhiteElo "2472"]
[BlackElo "2548"]
[Annotator "Huebner,R"]
[PlyCount "34"]
[EventDate "2000.01.24"]
[EventType "tourn"]
[EventRounds "13"]
[EventCountry "HUN"]
[EventCategory "9"]
[SourceTitle "CBM 076"]
[Source "ChessBase"]
[SourceDate "2000.05.31"]
[SourceVersion "1"]
[SourceVersionDate "2000.05.31"]
[SourceQuality "1"]

1. Nf3 Nf6 2. c4 c6 3. d4 d5 4. Nc3 a6 5. Ne5 Nbd7 6. Nxd7 Bxd7 7. Qb3 e6 8.
Bf4 (8. Qxb7 Rb8 {führt zum Remis.}) (8. cxd5 {sieht mir am wirksamsten aus:}
Nxd5 ({Nach} 8... cxd5 9. Qxb7 {bekommt Schwarz keine Kompensation für den
verlorenen Bauern.}) 9. e4 ({Nach} 9. Qxb7 Nb4) ({oder} 9. Nxd5 cxd5 10. Qxb7
Bb5 {bekommt Schwarz starkes gegenspiel für den geopferten Bauern.}) 9... Nxc3
10. bxc3 {mit besserem Spiel für Weiß.}) 8... dxc4 (8... b5 {ist eine solide
Fortsetzung, desgleichen}) (8... Nh5 9. Bd2 b5) 9. Qxb7 Nd5 10. Bg3 Bb4 11. e4
({Nichts scheint gegen} 11. Rc1 {zu sprechen.}) 11... Bxc3+ 12. bxc3 Nxc3 13.
f3 Nb5 14. Bxc4 Qa5+ 15. Kf1 O-O 16. Ke2 $2 {Dieser Zug ist schwer zu
verstehen. Falsch ist natürlich auch} (16. Qxd7 $2 {denn Schwarz gewinnt mit}
Qc3 $19) (16. Bxb5 Qxb5+ 17. Qxb5 axb5 18. Bd6 $14 {führt dagegen zu einem
etwas besseren Endspiel für Weiß.}) 16... Ra7 17. Be1 Qxe1+ 0-1

[Event "EU-chT (Men) 14th"]
[Site "Plovdiv"]
[Date "2003.10.18"]
[Round "7.3"]
[White "Babula, Vlastimil"]
[Black "Karttunen, Mika"]
[Result "0-1"]
[WhiteElo "2567"]
[BlackElo "2379"]
[Annotator "Huebner,R"]
[PlyCount "50"]
[EventDate "2003.10.10"]
[EventType "team-swiss"]
[EventRounds "9"]
[EventCountry "BUL"]
[SourceTitle "CBM 098"]
[Source "ChessBase"]
[SourceDate "2004.02.03"]
[SourceVersion "1"]
[SourceVersionDate "2004.02.03"]
[SourceQuality "1"]
[WhiteTeam "Czech Republic"]
[BlackTeam "Finland"]
[WhiteTeamCountry "CSR"]
[BlackTeamCountry "FIN"]

1. d4 d5 2. c4 c6 3. Nf3 Nf6 4. Nc3 a6 5. c5 Nbd7 6. Bf4 Nh5 7. e3 Nxf4 8. exf4
b6 (8... g6 9. Bd3 Bg7 10. Ne5 (10. O-O O-O 11. b4 $14) 10... Qc7 11. h4 f6 12.
Nxd7 Bxd7 13. f5 Qf4 14. fxg6 Qxd4 15. gxh7 Qxc5 16. Bg6+ Kd8 $15 {1/2-1/2
Tregubov,P-Ivanov,V/Elista 1994/CBM 44 (46)}) 9. cxb6 (9. b4 bxc5 10. bxc5 Qa5
11. Qd2 g6 12. Bd3 Bh6 13. O-O Qc7 14. g3 O-O 15. Rfe1 e6 16. Rab1 f6 17. Qc2
Bxf4 18. gxf4 Qxf4 19. Re3 e5 20. Kh1 e4 21. Nxe4 dxe4 22. Bxe4 Rb8 23. Bxc6
Kh8 24. Rbe1 f5 25. Bxd7 Bxd7 26. d5 Qh6 27. Re7 Be8 28. Qc3+ Kg8 29. Ng5 Bf7
30. Nxf7 Rxf7 31. Rxf7 Kxf7 32. d6 {1-0 Piket,J-Fontaine,R/France 2001/EXT
2002 (32).}) 9... Qxb6 10. Bd3 (10. Qd2 e6 11. Rc1 Rb8 ({Laut A. Huzman 
(Schach 12/1999, S.27) sollte Schwarz 11...c5 spielen; nach dem Textzug erhält
er keine Gelegenheit mehr dazu, diesen Vorstoß durchzusetzen, und sein c-Bauer
bleibt rückständig. Auch die folgenden Varianten, welche zeigen, daß eine
taktische Widerlegung des Vorstoßes nicht möglich ist, stammen von A. Huzman,
loc. cit.:} 11... c5 12. Na4 Qa7 13. dxc5 Nxc5 14. Qd4 (14. Nxc5 Bxc5 15. Bd3
Bd6 (15... O-O 16. Bxh7+ $18) 16. O-O O-O $11) 14... Nxa4 15. Rxc8+ Kd7 16.
Qxa4+ (16. Rxa8 Qxd4 17. Nxd4 Bb4+ $15) (16. Qxa7+ Rxa7 17. Rc2 f6 $11 {
A. Huzman} 18. g3 Bd6 19. Bh3) 16... Kxc8 17. Qe8+ (17. Ne5 Qc7 18. Bxa6+ Kd8
$13) 17... Kc7 18. Qxf7+ Kd6 (18... Kb8 19. Qxe6 Bb4+ 20. Kd1 $13) 19. Ne5 $13)
12. Na4 ({Dies ist stärker als} 12. Rc2 Bd6 13. Bd3 c5 14. Na4 Qc7 15. Nxc5
Nxc5 16. dxc5 Bxf4 17. Qc3 e5 {A. Huzman, loc. cit. Weiß verhindert c6-c5.})
12... Qb4 13. Qxb4 Bxb4+ ({Die Fortsetzung} 13... Rxb4 14. b3 Bb7 {wird von A.
Huzman in Schach 12/1999, S.27 diskutiert; Schwarz will unter Umständen Tb4xa4
nebst c6-c5 spielen. Huzman meint, daß Weiß mit} 15. Nb2 c5 (15... Rb6 16. Nd3
Ba3 17. Rc2 Ke7 18. Nfe5 $16) 16. Nd3 Rb5 17. Nde5 (17. Nxc5 Bxc5 18. dxc5 Rxc5
$11) 17... Ra5 18. b4 cxb4 19. Rc7 Nxe5 20. fxe5 b3 21. axb3 Ba8 22. Kd1 {
Vorteil erzielen kann. Mir scheint jedoch, daß Schwarz mit der Fortsetzung 17..
.Se5: 18.ba5: (18.fe5: Ta2: 19.bc5: Lc6 ist nicht überzeugender) 18...Sf3:+ 19.
gf3: c4 20.Tb1 Lc8 erfolgreich Widerstand leisten kann. In der ersten
Klammeranmerkung sollte Schwarz 17...f6 an Stelle von 17...Ke7 spielen; auch
diese Lage ist wenig klar.}) 14. Kd1 Bb7 15. a3 (15. Ne5 {(A. Huzman) war
angewiesen, um den Einfluß auf das Feld c5 zu vergrößern.}) 15... Bd6 16. g3 (
16. Ne5 {sollte auch hier noch geschehen. Jetzt verhindert Schwarz diesen Zug.}
) 16... f6 17. Bh3 Kf7 18. Re1 Rhe8 19. Rc3 a5 $14 {1-0 Huzman,A-Khalifman,A/
Bugojno 1999/CBM 74/[Huebner,R] (72). (71)}) 10... Qxb2 (10... g6 11. O-O Bg7
12. Rc1 Qxb2 13. Na4 Qb7 14. Re1 Qc7 15. Qc2 Bb7 16. f5 Bf6 17. h4 Kf8 18. Qd2
Kg7 19. g4 e5 20. fxe6 fxe6 21. g5 Bd8 22. Rxe6 Rf8 23. Kg2 Qf4 24. Qxf4 Rxf4
25. Rb1 Ra7 26. Rd6 Rf7 27. h5 gxh5 28. Rh1 Bc7 29. Rh6 Nf8 30. R1xh5 Bc8 31.
Rh4 Rf4 32. Rxc6 Bg4 33. Rxc7+ Rxc7 34. Ne5 Rxd4 35. Rxg4 Rxg4+ 36. Nxg4 Ne6
37. Bxa6 Rc2 38. a3 Ra2 39. Bc8 Nxg5 40. Ne3 Ne4 41. Nb6 Rxf2+ 42. Kg1 Ra2 43.
a4 Nc5 {1/2-1/2 Gyimesi,Z-Lalic,B/Medulin 2002/CBM 90 ext (43).}) 11. Rc1 g6
12. O-O Bh6 13. Qa4 Qb7 14. Rb1 Qc7 15. Rfc1 e6 16. Nxd5 $2 {Dieses Opfer ist
anscheinend nicht korrekt.} (16. Ne2 Bb7 17. Qa3 Bf8 18. Qb3 Rb8 19. Ne5 {
führt zu einer etwa ausgeglichenen Stellung.}) 16... exd5 17. Rxc6 Qd8 18. Re1+
(18. Qa3 Bf8 (18... Nf8 19. f5 {ist nicht vertrauenerweckend für Schwarz.}) 19.
Qb3 (19. Re1+ Be7 {bringt Weiß nicht weiter; es folgt Ke8-f8.}) 19... Be7 (
19... Rb8 $2 20. Qxb8) 20. Qxd5 Nf6 21. Qxd8+ Bxd8 22. Bc4 O-O 23. Ne5 Kg7 {
kann Weiß auf die Dauer auch nicht überleben.}) 18... Kf8 $19 19. Rd6 Kg7 20.
f5 Re8 21. Rxe8 Qxe8 22. fxg6 hxg6 23. Qc6 Rb8 24. Rxd5 Rb6 25. Qc7 Qe6 0-1

[Event "New York op"]
[Site "New York"]
[Date "1998.03.19"]
[Round "6"]
[White "Bareev, Evgeny"]
[Black "Martinovsky, Eugene Simeon"]
[Result "1-0"]
[WhiteElo "2675"]
[BlackElo "2365"]
[Annotator "Huebner,R"]
[PlyCount "51"]
[EventDate "1998.03.16"]
[EventType "swiss"]
[EventRounds "9"]
[EventCountry "USA"]
[SourceTitle "CBM 064"]
[Source "ChessBase"]
[SourceDate "1998.06.02"]
[SourceVersion "1"]
[SourceVersionDate "1998.06.02"]
[SourceQuality "1"]

1. d4 d5 2. c4 c6 3. Nf3 Nf6 4. Nc3 a6 5. c5 Bf5 6. Bf4 Nbd7 7. e3 e6 8. Be2 b5
(8... Be7 9. O-O O-O 10. Qb3 Qc8 11. h3 Re8 12. Bh2 Bd8 13. Rfd1 h6 14. Rac1
Bc7 15. Bxc7 Qxc7 16. Na4 $11 {Yudasin,L-Magem Badals,J/Pamplona 1995/1/2-1/2 
(51)}) 9. Nd2 Ne4 $2 {Dies ist eine Art Selbstmord. Normale Fortsetzungen
bestanden in} (9... Be7 {und}) (9... h6 $5) 10. Ndxe4 dxe4 {Dieser Bauer wird
für Weiß ein willkommenes Angriffsobjekt sein, aber auch nach} (10... Bxe4 11.
Nxe4 dxe4 12. f3 {hat Schwarz keine Freude an seiner Stellung.}) 11. Qc2 Nf6
12. Bg5 h6 13. Bxf6 Qxf6 14. g4 Bg6 15. Nxe4 Qh4 16. O-O-O Be7 17. Rdg1 O-O 18.
f4 a5 19. Bd3 Bxe4 20. Bxe4 Rfc8 21. Rg3 b4 22. Qg2 Ra6 23. Rh3 Qf6 24. g5 hxg5
25. Bh7+ Kf8 26. Bd3 1-0